Reading on economic development and administration in Tanzania. (Record no. 55648)

MARC details
000 -LEADER
fixed length control field 00621nam a2200157 a 4500
008 - FIXED-LENGTH DATA ELEMENTS--GENERAL INFORMATION
fixed length control field 120416s1966 ||||||||||||||||| || u
050 ## - LIBRARY OF CONGRESS CALL NUMBER
Classification number HC 885 Rea
100 ## - MAIN ENTRY--PERSONAL NAME
Personal name Smith, Hadley C
245 10 - TITLE STATEMENT
Title Reading on economic development and administration in Tanzania.
Statement of responsibility, etc. Hadley C. Smith
260 ## - PUBLICATION, DISTRIBUTION, ETC.
Place of publication, distribution, etc. Dar es slaam
Name of publisher, distributor, etc. Institute of Public Administration, the
Date of publication, distribution, etc. 1966
300 ## - PHYSICAL DESCRIPTION
Extent viii,598p.
350 ## - PRICE (NR) (BK AM CF MU VM SE) [OBSOLETE]
Price 0.00
650 #0 - SUBJECT ADDED ENTRY--TOPICAL TERM
Topical term or geographic name entry element ECONOMICS
650 ## - SUBJECT ADDED ENTRY--TOPICAL TERM
Topical term or geographic name entry element ECONOMIC DEVELOPMENT--TANZANIA
995 ## - RECOMMENDATION 995 [LOCAL, UNIMARC FRANCE]
-- 0.00
-- CBU-MAIN LIBRARY (Kitwe)
-- 1
-- 0.00
-- 1
-- AVAILABLE
-- Annex Low-Usage Collection
Holdings
Withdrawn status Lost status Source of classification or shelving scheme Damaged status Not for loan Home library Current library Shelving location Date acquired Total Checkouts Full call number Barcode Date last seen Price effective from Koha item type
          CBU-MAIN LIBRARY, KITWE. CBU-MAIN LIBRARY, KITWE.   11/30/2022   HC 885 Rea 002973 11/30/2022 11/30/2022 MONOGRAPH